THE SCIENTIFIC PRINCIPES OF CROP PROTECTION (Record no. 14810)
[ view plain ]
| 000 -LEADER | |
|---|---|
| fixed length control field | 00464nam a22001697a 4500 |
| 003 - CONTROL NUMBER IDENTIFIER | |
| control field | OSt |
| 005 - DATE AND TIME OF LATEST TRANSACTION | |
| control field | 20211025163712.0 |
| 008 - FIXED-LENGTH DATA ELEMENTS--GENERAL INFORMATION | |
| fixed length control field | 211025b |||||||| |||| 00| 0 eng d |
| 020 ## - INTERNATIONAL STANDARD BOOK NUMBER | |
| International Standard Book Number | 0 7131 23 2382 6 |
| 040 ## - CATALOGING SOURCE | |
| Transcribing agency | HAWASSA UNIVERSITY |
| 050 ## - LIBRARY OF CONGRESS CALL NUMBER | |
| Classification number | 632/MAR |
| Item number | 3 |
| 082 ## - DEWEY DECIMAL CLASSIFICATION NUMBER | |
| Edition number | 6 |
| Classification number | 632/MAR |
| Item number | 3 |
| 100 ## - MAIN ENTRY--PERSONAL NAME | |
| Personal name | MARTIN HUBERT |
| Fuller form of name | MARTIN HUBERT |
| 9 (RLIN) | 15428 |
| 245 ## - TITLE STATEMENT | |
| Title | THE SCIENTIFIC PRINCIPES OF CROP PROTECTION |
| 260 ## - PUBLICATION, DISTRIBUTION, ETC. | |
| Place of publication, distribution, etc. | LONDON |
| Name of publisher, distributor, etc. | EDWARD ARNOLD |
| Date of publication, distribution, etc. | 1973 |
| 942 ## - ADDED ENTRY ELEMENTS (KOHA) | |
| Source of classification or shelving scheme | Dewey Decimal Classification |
| Koha item type | Books like text book referance book |
| Suppress in OPAC | No |
| Withdrawn status | Lost status | Source of classification or shelving scheme | Damaged status | Not for loan | Home library | Current library | Date acquired | Total Checkouts | Full call number | Barcode | Date last seen | Copy number | Price effective from | Koha item type |
|---|---|---|---|---|---|---|---|---|---|---|---|---|---|---|
| Dewey Decimal Classification | College of Agriculture Library | College of Agriculture Library | 10/25/2021 | 632/MAR | ALIB0009479 | 10/25/2021 | 1 | 10/25/2021 | Books like text book referance book | |||||
| Dewey Decimal Classification | College of Agriculture Library | College of Agriculture Library | 10/25/2021 | 632/MAR | ALIB0009480 | 10/25/2021 | 2 | 10/25/2021 | Books like text book referance book | |||||
| Dewey Decimal Classification | College of Agriculture Library | College of Agriculture Library | 10/25/2021 | 632/MAR | ALIB0009481 | 10/25/2021 | 3 | 10/25/2021 | Books like text book referance book |